| 000 | 00356 a2200133 4500 | ||
|---|---|---|---|
| 001 | 88464 | ||
| 082 | _aPR 679 | ||
| 090 |
_c41889 _d41889 |
||
| 100 | _aA Saud Khan | ||
| 245 | _aDesign of test stand of models T53-L-1, -1A, -1B | ||
| 260 |
_aKarachi _bUniversity of Karachi _c1972 |
||
| 300 |
_a93p. _eM H Ahsani |
||
| 500 | _aBE Project Reports | ||
| 942 |
_aUniversity of Karachi _kPR 679 |
||
| 999 |
_c323537 _d323537 |
||